Biblioteca

El estructuralismo / Jan M. Broekman ; Claudio Gancho, Traductor (Registro nro. 33015)

Detalles MARC
000 -LÍDER
Campo fijo de descripción fija 010030000a22002410004500
020 ## - NÚMERO INTERNACIONAL NORMALIZADO PARA LIBROS
Número Internacional Normalizado del libro 84-254-0950-0
041 0# - CÓDIGO DE IDIOMA
Código de idioma para texto/pista de sonido o título separado
082 04 - NÚMERO DE CLASIFICACIÓN DECIMAL DEWEY
Número de clasificación G 121 B865e
001 - NÚMERO DE CONTROL
Campo de control 1879
100 1# - ASIENTO PRINCIPAL--NOMBRE PERSONAL
Nombre personal Broekman, Jan M.
245 10 - TÍTULO
Título del Material El estructuralismo / Jan M. Broekman ; Claudio Gancho, Traductor
250 ## - MENCIÓN DE EDICIÓN
Mención de edición 2
260 ## - PUBLICACIÓN, DISTRIBUCIÓN, ETC. (PIE DE IMPRENTA)
Lugar de publicación, distribución, etc. Barcelona, España : Herder
300 ## - DESCRIPCIÓN FÍSICA
Extensión 201 Pag
336 ## - CONTENT TYPE
Content type term texto
Content type code txt
Source rdacontent
337 ## - MEDIA TYPE
Source rdamedia
Media type term sin mediación
Media type code n
338 ## - CARRIER TYPE
Source rdacarrier
Carrier type term volumen
Carrier type code nc
500 ## - NOTA GENERAL
Nota General Título original : Strukturalismus
505 00 - NOTA DE CONTENIDO
Nota de contenido con formato preestablecido circunstancias -- el estructuralismo parisiense -- "tel quel " y el formalismo -- hermenéutica y estructuralismo genético -- crítica literaria y lingüística -- antropología estructural y teoría del conocimiento -- esbozos filosóficos -- gramatología -- arqueología -- marxismo -- qué significa el filosofar estructuralista? -- series -- ordo
650 14 - ASIENTO SECUNDARIO DE MATERIA - TERMINO TEMÁTICO
Término temático o nombre geográfico como elemento de entrada ESTRUCTURALISMO (FILOSOFIA)
942 ## - TIPO DE MATERIAL (KOHA)
Tipo de Item KOHA Libros General
Existencias
Estado de Material Estado de Perdido Estado de Dañado No para Préstamo Colección Tomo Biblioteca de Origen Biblioteca Permanente Fecha de Adquisición Total de Préstamos Signatura Topográfica Código de Barras Última vez visto Ejemplar/Existencia Fecha de Remplazo Tipo de Material
        Colección General   Biblioteca FUSBC Biblioteca FUSBC 04/11/2004   G 121 B865e 88 12/12/2019 1 26/01/2016 Libros General

Biblioteca FUSBC | Teléfono: (57+4) 349 88 10 Ext. 141| WhatsApp (+57) 3005338115 
E-mail: biblioteca@unisbc.edu.co | Calle 76 87-14 Robledo Palenque, Medellín, Colombia

Con tecnología Koha